Experiencias y narraciones en torno al uso de tecnologías anticonceptivas (1970-2010): una propuesta para su análisis y discusión /
Guardado en:
| Hovedforfatter: | |
|---|---|
| Format: | Bog |
| Sprog: | Spanish |
| Tags: |
Tilføj Tag
Ingen Tags, Vær først til at tagge denne postø!
|
MARC
| LEADER | 00000nam a22000007a 4500 | ||
|---|---|---|---|
| 003 | cru CIDCACS/IIS | ||
| 005 | 20180517135546.0 | ||
| 007 | ta | ||
| 008 | 180517b2015 cr |||p|r||||||0| 0 spa|d | ||
| 999 | |c 41430 |d 41430 | ||
| 040 | |c cru CIDCACS/IIS | ||
| 100 | 1 | |9 7216 |a Ramírez Hernández, Marcela | |
| 245 | 1 | |a Experiencias y narraciones en torno al uso de tecnologías anticonceptivas (1970-2010): |b una propuesta para su análisis y discusión / |c Marcela Ramírez Hernández | |
| 300 | |a páginas 125-142 |b tabla | ||
| 773 | 0 | |0 40579 |9 2012 |a Universidad Nacional de Costa Rica |d Heredia, Costa Rica: EUNA |o 18793 |t Revista de Historia / |x 10129790 | |
| 942 | |2 ddc |c PP | ||
